| 000 | 00369nam a22001337a 4500 | ||
|---|---|---|---|
| 020 | _a9789332555235 | ||
| 040 | _cNUST | ||
| 082 | _a629.892 SCH | ||
| 100 |
_aSchilling, Robert Joseph _9112856 |
||
| 245 |
_aFundamentals of Robotics : _bAnalysis and Control |
||
| 260 |
_aChennai: _bPearson Education, _c2017. |
||
| 650 |
_aRobotics Control _9112957 |
||
| 942 |
_2ddc _cBK |
||
| 999 |
_c594877 _d594877 |
||